Mapping the Indian ocean / (Record no. 144629)

MARC details
000 -LEADER
fixed length control field 00532nam a22001697a 4500
010 ## - LCCN (DPL NO)
LC control number ENG-120406
020 ## - INTERNATIONAL STANDARD BOOK NUMBER
Terms of availability 3000.00
International Standard Book Number 9788192555799
035 ## - SYSTEM CONTROL NUMBER
System control number EN-103938
037 ## - SOURCE OF ACQUISITION
Source of stock number/acquisition DBAD/PUB
082 ## - DEWEY DECIMAL CLASSIFICATION NUMBER
Classification number 912.15514615
245 ## - TITLE STATEMENT
Title Mapping the Indian ocean /
Statement of responsibility, etc by Babul Dey
260 ## - PUBLICATION, DISTRIBUTION, ETC. (IMPRINT)
Place of publication, distribution, etc Kolkata
Name of publisher, distributor, etc Institute of social and culture studies
Date of publication, distribution, etc 2015
270 ## - ADDRESS
Address 48/2,Suresh Sarkar road
City Kolkata
Postal code 700014
300 ## - PHYSICAL DESCRIPTION
Extent 106p.
Dimensions 32cm(H.b)
Other physical details ill.(col.) and maps
700 ## - ADDED ENTRY--PERSONAL NAME
Personal name Dey,Babul
942 ## - ADDED ENTRY ELEMENTS (KOHA)
Source of classification or shelving scheme Dewey Decimal Classification
Item type English Books
Classification part 912.15514615
Call number suffix DEY
Holdings
Withdrawn status Lost status Not for loan Collection code Home library Current library Date acquired Source of acquisition Cost, normal purchase price Full call number Barcode Copy number Cost, replacement price Koha item type
    Not For Loan Reference Central Library Central Library 14/09/2017 DBAD/PUB 3000.00 912.15514615 DEY EN-103938 1 3000.00 English Books

© Delhi Public Library
Hit Counter
free hit counter